ঢ়
ক্ষ
ড়
ঢ়
য়
র-ফলা‌‌‌
 
 
য-ফলা
ি
 
 
রেফ
 
 
 
যুক্ত করুন/হসন্ত
Space
Enter

Leading economic controversies of 1996 / (Record no. 913)

000 -LEADER
fixed length control field 00784cam a2200217 a 4500
001 - CONTROL NUMBER
control field 2035
003 - CONTROL NUMBER IDENTIFIER
control field BD-DhUAP
005 - DATE AND TIME OF LATEST TRANSACTION
control field 20200129101216.0
008 - FIXED-LENGTH DATA ELEMENTS--GENERAL INFORMATION
fixed length control field 200129s19961993nyuab b 000 0 eng
020 ## - INTERNATIONAL STANDARD BOOK NUMBER
International Standard Book Number 039396955X
040 ## - CATALOGING SOURCE
Original cataloging agency BD-DhUAP
Transcribing agency BD-DhUAP
Modifying agency BD-DhUAP
Language of cataloging Eng
082 00 - DEWEY DECIMAL CLASSIFICATION NUMBER
Classification number 338.90973 LEA
Edition number 23
245 00 - TITLE STATEMENT
Title Leading economic controversies of 1996 /
Statement of responsibility, etc. edited by Edwin Mansfield.
260 ## - PUBLICATION, DISTRIBUTION, ETC.
Place of publication, distribution, etc. New York :
Name of publisher, distributor, etc. Norton,
Date of publication, distribution, etc. c1993 [Reprinted 1996].
300 ## - PHYSICAL DESCRIPTION
Extent ix, 207 pages :
Other physical details illustrations ;
Dimensions 23 cm.
504 ## - BIBLIOGRAPHY, ETC. NOTE
Bibliography, etc. note Includes bibliographical references.
651 #0 - SUBJECT ADDED ENTRY--GEOGRAPHIC NAME
Geographic name Economic policy
Geographic subdivision United States
Chronological subdivision 1993-2001.
700 1# - ADDED ENTRY--PERSONAL NAME
Personal name Mansfield, Edwin.
942 ## - ADDED ENTRY ELEMENTS (KOHA)
Source of classification or shelving scheme
Koha item type Book
Holdings
Withdrawn status Lost status Source of classification or shelving scheme Damaged status Not for loan Permanent Location Current Location Shelving location Date acquired Full call number Barcode Date last seen Copy number Price effective from Koha item type
          UAP Central Library UAP Central Library General Stacks 2020-01-29 338.90973 LEA 3010002035 2020-01-29 1 2020-01-29 Book

All rights reserved © UAP Central Library,
University of Asia Pacific.